[Event "6th American Continental (w)"]
[Site "Duran ECU"]
[Date "2011.06.14"]
[Round "3.4"]
[White "Mendoza Velazquez, Lorena Alejandra"]
[Black "Lujan, Carolina"]
[Result "0-1"]
[WhiteElo "2033"]
[BlackElo "2353"]
[EventDate "2011.06.12"]
[PlyCount "80"]

1.Nf3 f5 2.g3 Nf6 3.Bg2 g6 4.d4 Bg7 5.c4 O-O 6.Nc3 d6 7.O-O c6 8.Qc2 Qc7 
9.Rd1 e5 10.dxe5 dxe5 11.b3 Qe7 12.e3 Na6 13.a3 e4 14.Ne1 Ng4 15.Bb2 Ne5 
16.Ne2 Be6 17.Nd4 Bf7 18.Bf1 Rad8 19.Rac1 Nc7 20.Bg2 Qf6 21.Ba1 Qe7 22.Bb2
c5 23.Ne2 g5 24.Bxe5 Qxe5 25.g4 Rde8 26.gxf5 Bh5 27.Rd7 Qxf5 28.Rxg7+ Kxg7
29.Ng3 Qf7 30.Nxe4 Qe7 31.Qb2+ Qe5 32.Qxe5+ Rxe5 33.Nd3 Re7 34.Nexc5 b6 
35.Ne4 Bg6 36.f3 g4 37.Nef2 gxf3 38.Bh3 Rxe3 39.Rd1 Rd8 40.Bf1 Ne6 0-1

[Event "6th American Continental (w)"]
[Site "Duran ECU"]
[Date "2011.06.14"]
[Round "3.5"]
[White "Marrero Lopez, Yaniet"]
[Black "Chirivi Castiblanco, Jenny Astrid"]
[Result "1-0"]
[WhiteElo "2328"]
[BlackElo "2226"]
[EventDate "2011.06.12"]
[PlyCount "61"]

1.e4 c5 2.Nf3 e6 3.d4 cxd4 4.Nxd4 a6 5.Bd3 Bc5 6.Nb3 Be7 7.Be3 Nf6 8.N1d2 
Nc6 9.f4 d6 10.c3 e5 11.f5 d5 12.Qf3 g6 13.g4 d4 14.cxd4 exd4 15.Bf4 Nd7 
16.O-O-O Nde5 17.Bxe5 Nxe5 18.Qe2 Bf6 19.Kb1 O-O 20.Nc4 b5 21.Nxe5 Bxe5 
22.h4 Qb6 23.Nd2 Bb7 24.Nf3 Rfe8 25.h5 Bf4 26.hxg6 fxg6 27.Bc2 Rad8 28.
Bb3+ Bd5 29.Qd3 Bxb3 30.Qxb3+ Kg7 31.Rxh7+ 1-0

[Event "6th American Continental (w)"]
[Site "Duran ECU"]
[Date "2011.06.14"]
[Round "3.6"]
[White "Orozco Lopez, Luz Elena"]
[Black "Rodriguez Rueda, Paula Andrea"]
[Result "1/2-1/2"]
[WhiteElo "2145"]
[BlackElo "2069"]
[EventDate "2011.06.12"]
[PlyCount "160"]

1.e4 c5 2.Nf3 d6 3.d4 cxd4 4.Nxd4 Nf6 5.Nc3 a6 6.Be2 e5 7.Nb3 Be7 8.O-O 
O-O 9.Kh1 b5 10.f3 Nbd7 11.a4 b4 12.Nd5 Nxd5 13.Qxd5 Nb6 14.Qd2 a5 15.f4 
Bb7 16.Qe3 Qc7 17.Bd3 Bf6 18.Qg3 d5 19.exd5 Bxd5 20.fxe5 Bxe5 21.Qh4 g6 
22.Nd4 Rad8 23.Nf3 Bxf3 24.Rxf3 f5 25.Bg5 Rd4 26.Qf2 Nc4 27.c3 Rd7 28.Qe2 
Nb6 29.Re1 Bg7 30.Bb5 Rd5 31.Be7 Re5 32.Re3 Qxe7 33.Rxe5 Qxe5 34.Qxe5 Bxe5
35.Rxe5 Rc8 36.Re8+ Rxe8 37.Bxe8 Kf8 38.Bb5 bxc3 39.bxc3 Ke7 40.Kg1 Kd6 
41.Kf2 Nd5 42.c4 Nf6 43.Kf3 g5 44.h3 Kc5 45.g3 h6 46.Ke3 Ne4 47.g4 Nd6 48.
gxf5 Nxf5+ 49.Ke4 Nd6+ 50.Ke5 Nxc4+ 51.Kf6 Nd6 52.Bd7 Nc4 53.Bb5 Nd6 54.
Be2 Kd4 55.Kg6 Ke3 56.Bg4 Kf4 57.Kxh6 Ne4 58.Kg6 Nc5 59.Bd1 Ne4 60.Bc2 Nf2
61.Bf5 g4 62.hxg4 Nxg4 63.Bc2 Ne3 64.Bd3 Nd5 65.Bb5 Ke5 66.Kg5 Ne3 67.Be8 
Nd5 68.Bb5 Nc3 69.Be8 Ne4+ 70.Kg6 Kd4 71.Bc6 Nd6 72.Kf6 Kc5 73.Bd7 Nc4 74.
Ke6 Kb4 75.Bb5 Nb6 76.Bc6 Nxa4 77.Kd5 Nb2 78.Kd4 Nc4 79.Bd5 Nb6 80.Bc6 Kb3
1/2-1/2

[Event "6th American Continental (w)"]
[Site "Duran ECU"]
[Date "2011.06.14"]
[Round "3.7"]
[White "Heredia Serrano, Carla"]
[Black "Orozco Lopez, Lina Yomayra"]
[Result "1/2-1/2"]
[WhiteElo "2071"]
[BlackElo "2145"]
[EventDate "2011.06.12"]
[PlyCount "49"]

1.e4 c5 2.Nf3 d6 3.d4 cxd4 4.Nxd4 Nf6 5.Nc3 a6 6.Qe2 e5 7.Nf5 Bxf5 8.exf5 
Nc6 9.Bg5 Be7 10.O-O-O Nd4 11.Rxd4 exd4 12.Bxf6 gxf6 13.Nd5 Kd7 14.g4 Re8 
15.Bg2 Qa5 16.b4 Qa3+ 17.Kb1 Bd8 18.Qf3 Qxf3 19.Bxf3 Rc8 20.Kb2 b5 21.Rd1 
Rc4 22.Kb3 Re5 23.a4 Ke8 24.axb5 axb5 25.Ra1 1/2-1/2

[Event "6th American Continental (w)"]
[Site "Duran ECU"]
[Date "2011.06.14"]
[Round "3.8"]
[White "Frometa Castillo, Zirka"]
[Black "Pachon, Adriana"]
[Result "1/2-1/2"]
[WhiteElo "2125"]
[BlackElo "1976"]
[EventDate "2011.06.12"]
[PlyCount "56"]

1.d4 Nf6 2.Nf3 g6 3.Nbd2 d5 4.e3 Bg7 5.Bd3 c5 6.c3 Nbd7 7.Qe2 O-O 8.O-O 
Qc7 9.b3 e5 10.Nxe5 Nxe5 11.dxe5 Qxe5 12.Bb2 Bf5 13.Nf3 Bxd3 14.Qxd3 Qe4 
15.Qe2 Rfd8 16.Rad1 Qe7 17.Qc2 Ne4 18.c4 dxc4 19.bxc4 b6 20.h3 Qe6 21.Bxg7
Kxg7 22.Rd3 Rxd3 23.Qxd3 Nd6 24.Rc1 Rd8 25.Qc3+ Qf6 26.Qa3 Qe7 27.Qc3+ Qf6
28.Qa3 Qe7 1/2-1/2

[Event "6th American Continental (w)"]
[Site "Duran ECU"]
[Date "2011.06.14"]
[Round "3.9"]
[White "Matute Loja, Maria Belen"]
[Black "Ubaldo Suarez, Maria Gisela"]
[Result "1/2-1/2"]
[WhiteElo "1946"]
[BlackElo "2079"]
[EventDate "2011.06.12"]
[PlyCount "90"]

1.e4 c5 2.Nf3 Nc6 3.d4 cxd4 4.Nxd4 g6 5.Be3 Bg7 6.Nc3 Nf6 7.Bc4 O-O 8.Bb3 
a5 9.f3 d5 10.Bxd5 Nxd5 11.exd5 Nb4 12.Nde2 Bf5 13.Rc1 Rc8 14.O-O Bxc3 15.
Nxc3 Rxc3 16.bxc3 Nxa2 17.Bh6 Nxc1 18.Bxf8 Na2 19.Bh6 Nxc3 20.Qd2 Qc7 21.
Re1 Qc5+ 22.Kh1 Nxd5 23.Rd1 Be6 24.c4 Qxc4 25.Qb2 f6 26.Qxb7 Kf7 27.Qa8 g5
28.Qf8+ Kg6 29.g4 Bxg4 30.Qg7+ Kh5 31.fxg4+ Kxg4 32.Rg1+ Kf3 33.Bxg5 fxg5 
34.Qf7+ Ke3 35.Re1+ Kd4 36.Qf2+ Kd3 37.Rd1+ Ke4 38.Qg2+ Ke5 39.Qxg5+ Kd6 
40.Qh6+ e6 41.Qf8+ Kd7 42.Qf7+ Kd6 43.Qf8+ Kd7 44.Qf7+ Kd6 45.Qf8+ Kd7 
1/2-1/2

[Event "6th American Continental (w)"]
[Site "Duran ECU"]
[Date "2011.06.14"]
[Round "3.10"]
[White "Martinez, Ayelen"]
[Black "Plazaola, Maria De los Angeles"]
[Result "1-0"]
[WhiteElo "1992"]
[BlackElo "2181"]
[EventDate "2011.06.12"]
[PlyCount "109"]

1.e4 c5 2.Nf3 Nc6 3.Bb5 g6 4.O-O Bg7 5.c3 Nf6 6.Re1 O-O 7.d4 d5 8.exd5 
Nxd5 9.dxc5 Nc7 10.Be2 e5 11.Na3 Qe7 12.Qd6 Ne6 13.Qxe7 Nxe7 14.Bc4 Nc6 
15.Be3 e4 16.Ng5 Nxg5 17.Bxg5 Bf5 18.Bd5 Rac8 19.Nc4 Ne5 20.Nxe5 Bxe5 21.
Bxb7 Rxc5 22.Be7 Rc7 23.Bxf8 Rxb7 24.Ba3 f6 25.Rad1 g5 26.Rd2 Kg7 27.c4 
Rc7 28.b3 Bc3 29.Red1 Bxd2 30.Rxd2 Kf7 31.Kf1 Be6 32.Ke2 f5 33.Ke3 Bc8 34.
Rd6 Bb7 35.g3 Ke8 36.Rf6 Rf7 37.Rxf7 Kxf7 38.Kd4 Ke6 39.Bc1 h6 40.b4 Kd6 
41.h4 gxh4 42.gxh4 h5 43.b5 Bc8 44.a4 a6 45.Bf4+ Ke6 46.Kc5 Ke7 47.Kb6 
axb5 48.cxb5 Be6 49.a5 Kd8 50.Kb7 Bc4 51.b6 Bd5+ 52.Kb8 Kd7 53.a6 Kc6 54.
b7 Kb6 55.Kc8 1-0

[Event "6th American Continental (w)"]
[Site "Duran ECU"]
[Date "2011.06.14"]
[Round "3.11"]
[White "Castrillon Gomez, Melissa"]
[Black "Fandino Reyes, Roquelina"]
[Result "1-0"]
[WhiteElo "2386"]
[BlackElo "2147"]
[EventDate "2011.06.12"]
[PlyCount "77"]

1.e4 e5 2.Nf3 Nc6 3.Nc3 Nf6 4.Bb5 d6 5.d4 exd4 6.Nxd4 Bd7 7.Bxc6 bxc6 8.
Qf3 c5 9.Nf5 h6 10.b3 g6 11.Ne3 Bg7 12.Bb2 O-O 13.O-O-O Re8 14.Kb1 Rb8 15.
g4 c4 16.h4 cxb3 17.axb3 h5 18.g5 Ng4 19.Ncd5 Ne5 20.Qg3 Bc6 21.f4 Nd7 22.
Bxg7 Kxg7 23.Qe1 Kg8 24.Qc3 Bb7 25.f5 Rxe4 26.fxg6 fxg6 27.Rhf1 Re5 28.
Nf6+ Nxf6 29.Rxf6 Be4 30.Rdf1 Qd7 31.Nc4 Qc6 32.Kb2 Rc5 33.Rf7 Re5 34.Nxe5
Qxc3+ 35.Kxc3 dxe5 36.Rxc7 Bf5 37.Ra1 e4 38.Kd4 Rd8+ 39.Ke3 1-0

[Event "6th American Continental (w)"]
[Site "Duran ECU"]
[Date "2011.06.14"]
[Round "3.12"]
[White "Real Pereyra, Diana Carime"]
[Black "Cordero Loup, Ely Daniela"]
[Result "1-0"]
[WhiteElo "1976"]
[BlackElo "2058"]
[EventDate "2011.06.12"]
[PlyCount "129"]

1.Nc3 d5 2.e4 d4 3.Nce2 e5 4.d3 Nf6 5.Ng3 c5 6.f4 Nc6 7.f5 g6 8.a3 Qc7 9.
Qf3 Bg7 10.Bg5 Qd6 11.Be2 Bd7 12.Nh3 h6 13.Bd2 Ne7 14.Nf2 Bc6 15.Ng4 Nxg4 
16.Qxg4 h5 17.Qf3 h4 18.fxg6 fxg6 19.Nf1 Bd7 20.g4 O-O-O 21.h3 Rhf8 22.Qg2
Rf7 23.Nh2 Nc6 24.O-O-O Rdf8 25.Nf3 Nd8 26.Rdf1 Ne6 27.Nxh4 Nf4 28.Bxf4 
exf4 29.Nf3 Qb6 30.Bd1 Bb5 31.Nd2 Rc7 32.b3 Qa5 33.Nb1 Bc6 34.g5 b5 35.Qd2
Qb6 36.Rxf4 Re8 37.Rhf1 Ree7 38.h4 a5 39.h5 gxh5 40.Bxh5 c4 41.Rf7 cxd3 
42.Rxe7 Rxe7 43.cxd3 Kb7 44.Rf5 Bd7 45.Rf7 Qc5+ 46.Kb2 b4 47.a4 Be6 48.
Rxe7+ Qxe7 49.Qc1 Be5 50.g6 Qh4 51.Bd1 Qg3 52.Qc5 Bc7 53.Qb5+ Ka7 54.Qc6 
Bc8 55.Bc2 Bb7 56.Qc5+ Ka6 57.Nd2 Bb6 58.Qc4+ Ka7 59.Qf7 Qg5 60.g7 Qxd2 
61.g8=Q Qc3+ 62.Kb1 Qe1+ 63.Ka2 Qc1 64.Qg2 Bd8 65.e5 1-0

[Event "6th American Continental (w)"]
[Site "Duran ECU"]
[Date "2011.06.14"]
[Round "3.13"]
[White "Rosales Murillo, Cristina"]
[Black "Salazar Loor, Sara"]
[Result "0-1"]
[WhiteElo "1638"]
[BlackElo "2002"]
[EventDate "2011.06.12"]
[PlyCount "64"]

1.e4 c5 2.Nf3 Nc6 3.d4 cxd4 4.Nxd4 Nf6 5.Nc3 d6 6.Be3 e6 7.Bc4 a6 8.Bb3 
Be7 9.O-O O-O 10.f4 Qc7 11.Qf3 Na5 12.Rac1 b5 13.a3 Nc4 14.Bxc4 bxc4 15.b4
Bb7 16.b5 Qa5 17.bxa6 Rxa6 18.Nde2 d5 19.e5 Nd7 20.Bd4 f6 21.Qg3 Bc5 22.
Qe3 Qxa3 23.exf6 Rxf6 24.Ra1 Bxd4 25.Nxd4 Qc5 26.Rxa6 Bxa6 27.Re1 Nf8 28.
h3 Bc8 29.Na4 Qd6 30.Nb5 Qd7 31.Qc5 Ba6 32.Nb6 Qxb5 0-1

[Event "6th American Continental (w)"]
[Site "Duran ECU"]
[Date "2011.06.14"]
[Round "4.1"]
[White "Linares Napoles, Oleiny"]
[Black "Cori Tello, Deysi"]
[Result "0-1"]
[WhiteElo "2319"]
[BlackElo "2386"]
[EventDate "2011.06.12"]
[PlyCount "138"]

1.c4 c6 2.e4 d5 3.exd5 cxd5 4.d4 Nf6 5.Nc3 Nc6 6.Bg5 e6 7.Nf3 Be7 8.a3 O-O
9.Bd3 dxc4 10.Bxc4 a6 11.O-O b5 12.Ba2 Bb7 13.Qd3 b4 14.Ne2 a5 15.Rac1 a4 
16.Bb1 g6 17.Rfd1 Na5 18.Bxf6 Bxf6 19.axb4 Nb3 20.Rc2 Qb6 21.b5 Rfd8 22.
Qe3 Bxf3 23.Qxf3 Bxd4 24.Rf1 Ra7 25.Ng3 Qxb5 26.Ne4 Rad7 27.h3 Be5 28.Nf6+
Bxf6 29.Qxf6 Nd4 30.Rc7 Qxb2 31.Kh1 Qb8 32.Rxd7 Rxd7 33.Ba2 Qd8 34.Qf4 Kg7
35.Rb1 Qf6 36.Qxf6+ Kxf6 37.Rb4 a3 38.Ra4 Nb5 39.Ra5 Rd2 40.Bb3 Nd4 41.Bc4
Rc2 42.Bd3 Rc3 43.Be4 Ne2 44.Kh2 Nc1 45.f3 Rb3 46.Rc5 Ne2 47.Ra5 Nc3 48.
Bd3 Ke7 49.Ra6 Kd7 50.Kg3 Ke7 51.Bc4 Rb4 52.Rxa3 Rxc4 53.Ra7+ Kd6 54.Rxf7 
Rc7 55.Rf8 Ke7 56.Rb8 Ne2+ 57.Kg4 Kf6 58.h4 Rc4+ 59.Kh3 Rc2 60.Rb4 e5 61.
Rg4 Nf4+ 62.Kh2 Rxg2+ 63.Rxg2 Nxg2 64.Kxg2 Kf5 65.Kg3 h5 66.Kg2 e4 67.Kf2 
Kf4 68.fxe4 Kxe4 69.Kg3 Ke3 0-1

[Event "6th American Continental (w)"]
[Site "Duran ECU"]
[Date "2011.06.14"]
[Round "4.2"]
[White "Lujan, Carolina"]
[Black "Salazar Cardona, Aura Cristina"]
[Result "0-1"]
[WhiteElo "2353"]
[BlackElo "2194"]
[EventDate "2011.06.12"]
[PlyCount "148"]

1.e4 c5 2.Nf3 d6 3.c3 Nf6 4.h3 g6 5.Bd3 Bg7 6.O-O O-O 7.Bc2 Nc6 8.d4 cxd4 
9.cxd4 e5 10.d5 Nb4 11.Bb3 a5 12.Nc3 Bd7 13.a4 Nh5 14.Be3 Nf4 15.Bxf4 exf4
16.Re1 Re8 17.Bc4 Rc8 18.Qb3 Nc2 19.Qxc2 Rxc4 20.Nd2 Rb4 21.Nf3 Qb6 22.Re2
Rxb2 23.Qxb2 Qxb2 24.Rxb2 Bxc3 25.Rxb7 Bc8 26.Rab1 Bxb7 27.Rxb7 Rxe4 28.
Ng5 Re5 29.Nxf7 Rxd5 30.Kf1 Rd4 31.Nh6+ Kf8 32.Rc7 Bd2 33.Rc2 f3 34.Ng4 h5
35.Nh2 fxg2+ 36.Kxg2 Bf4 37.Ra2 Ke7 38.Nf3 Re4 39.Ng1 Kf6 40.Ne2 Be5 41.f4
Bxf4 42.Kf3 Kf5 43.Ra3 Rc4 44.Nc3 Be5 45.Nd5 Ke6 46.Ne3 Rf4+ 47.Kg2 g5 48.
Nf1 g4 49.h4 Rb4 50.Ra2 d5 51.Re2 Rxa4 52.Ng3 d4 53.Nxh5 Kd5 54.Ng3 Ra3 
55.Nf1 d3 56.Rd2 Bf4 57.Rd1 Ra2+ 58.Kg1 Ke4 59.h5 a4 60.h6 Bxh6 61.Ng3+ 
Kf3 62.Rxd3+ Be3+ 63.Kh1 Kxg3 64.Rxe3+ Kf2 65.Rc3 Re2 66.Kh2 Re3 67.Rc2+ 
Kf3 68.Rc1 Re2+ 69.Kg1 a3 70.Kh1 a2 71.Rf1+ Rf2 72.Rc1 Rb2 73.Rc3+ Kf4 74.
Rc4+ Kg5 0-1

[Event "6th American Continental (w)"]
[Site "Duran ECU"]
[Date "2011.06.14"]
[Round "4.3"]
[White "Mateus Urbano, Martha"]
[Black "Arribas Robaina, Maritza"]
[Result "1/2-1/2"]
[WhiteElo "2170"]
[BlackElo "2300"]
[EventDate "2011.06.12"]
[PlyCount "63"]

1.e4 c5 2.Nf3 e6 3.d4 cxd4 4.Nxd4 Nf6 5.Nc3 Nc6 6.Nb3 Bb4 7.Bd3 d5 8.exd5 
exd5 9.O-O O-O 10.Bg5 Be6 11.Ne2 Ne5 12.Nbd4 Nxd3 13.Qxd3 Be7 14.Nf4 Qd6 
15.Bxf6 Bxf6 16.Nh5 Bd8 17.Qg3 Qxg3 18.Nxg3 Bf6 19.Rad1 Rac8 20.c3 Rc4 21.
Nge2 Rfc8 22.Rd3 a6 23.Rfd1 Kf8 24.f3 Ra4 25.a3 Ra5 26.Kf2 Bd7 27.g3 Rac5 
28.R1d2 Bg5 29.f4 Bf6 30.Nb3 R5c7 31.Nbd4 g6 32.Ng1 1/2-1/2

[Event "6th American Continental (w)"]
[Site "Duran ECU"]
[Date "2011.06.14"]
[Round "4.4"]
[White "Orozco Lopez, Luz Elena"]
[Black "Marrero Lopez, Yaniet"]
[Result "0-1"]
[WhiteElo "2145"]
[BlackElo "2328"]
[EventDate "2011.06.12"]
[PlyCount "62"]

1.e4 e5 2.d4 exd4 3.Qxd4 Nc6 4.Qa4 Nf6 5.Bg5 h6 6.Bh4 Bb4+ 7.c3 Qe7 8.Bxf6
Qxf6 9.Nf3 Bc5 10.Bb5 O-O 11.O-O a6 12.Nbd2 Re8 13.Rfe1 Ne5 14.Rf1 Nxf3+ 
15.Nxf3 Qe7 16.e5 c6 17.Bd3 d5 18.exd6 Qxd6 19.Rad1 Qf6 20.Rfe1 Rxe1+ 21.
Rxe1 Be6 22.Qe4 g6 23.a4 Rd8 24.Bc4 Bf5 25.Qf4 b5 26.axb5 axb5 27.Bb3 Kg7 
28.h3 Bc8 29.Qe4 Bd7 30.Re2 Re8 31.Ne5 Bf5 0-1

[Event "6th American Continental (w)"]
[Site "Duran ECU"]
[Date "2011.06.14"]
[Round "4.5"]
[White "Chirivi Castiblanco, Jenny Astrid"]
[Black "Mendoza Velazquez, Lorena Alejandra"]
[Result "1-0"]
[WhiteElo "2226"]
[BlackElo "2033"]
[EventDate "2011.06.12"]
[PlyCount "69"]

1.d4 c5 2.d5 e6 3.c4 Nf6 4.Nc3 exd5 5.cxd5 d6 6.g3 g6 7.Bg2 Bg7 8.Nf3 O-O 
9.O-O Nbd7 10.Nd2 a6 11.a4 Rb8 12.Nc4 Nb6 13.Na3 Qc7 14.h3 Bd7 15.a5 Nc8 
16.Nc4 b5 17.axb6 Nxb6 18.Na5 Bb5 19.Qc2 Rfe8 20.Re1 Nfd7 21.Nxb5 axb5 22.
Nc6 Rb7 23.Bd2 Ne5 24.Bc3 b4 25.Bxe5 Bxe5 26.e4 Nd7 27.f4 Bg7 28.e5 Bf8 
29.e6 Nb8 30.f5 Bg7 31.Kh2 gxf5 32.Ra8 f6 33.Qxf5 b3 34.e7 h6 35.Be4 1-0

[Event "6th American Continental (w)"]
[Site "Duran ECU"]
[Date "2011.06.14"]
[Round "4.6"]
[White "Orozco Lopez, Lina Yomayra"]
[Black "Martinez, Ayelen"]
[Result "1-0"]
[WhiteElo "2145"]
[BlackElo "1992"]
[EventDate "2011.06.12"]
[PlyCount "99"]

1.e4 g6 2.d4 Bg7 3.g3 c6 4.d5 d6 5.Bg2 c5 6.Ne2 Nf6 7.O-O O-O 8.h3 Nbd7 9.
g4 b5 10.Ng3 Qb6 11.Kh2 Bb7 12.Nc3 b4 13.Nce2 a5 14.Rb1 c4 15.Be3 Nc5 16.
Bd4 Qc7 17.f4 e6 18.g5 Ne8 19.Bxg7 Nxg7 20.f5 exd5 21.exd5 gxf5 22.Nxf5 
Nxf5 23.Rxf5 Rae8 24.Ng3 Bc8 25.Rf4 Re5 26.Qh5 Qe7 27.Rf6 Nd7 28.Nf5 Rxf5 
29.Rxf5 Ne5 30.Rf2 Ng6 31.Re2 Qa7 32.Qf3 Qd4 33.Qf6 Ne5 34.Qf2 Qxf2 35.
Rxf2 Ng6 36.Rf6 Re8 37.c3 Bb7 38.cxb4 axb4 39.Rc1 Ne5 40.Kg3 Kg7 41.h4 Kf8
42.Rc2 Ke7 43.b3 Ba6 44.bxc4 Nxc4 45.Rf4 Rc8 46.Bf1 Nb6 47.Rxc8 Bxc8 48.
Bg2 b3 49.axb3 Nd7 50.b4 1-0

[Event "6th American Continental (w)"]
[Site "Duran ECU"]
[Date "2011.06.14"]
[Round "4.7"]
[White "Rodriguez Rueda, Paula Andrea"]
[Black "Frometa Castillo, Zirka"]
[Result "1/2-1/2"]
[WhiteElo "2069"]
[BlackElo "2125"]
[EventDate "2011.06.12"]
[PlyCount "125"]

1.d4 d5 2.c4 e6 3.Nc3 f5 4.Nf3 Nf6 5.Bf4 c6 6.e3 Be7 7.Bd3 O-O 8.Qc2 Na6 
9.a3 Nc7 10.Ne5 dxc4 11.Bxc4 Ncd5 12.Bg3 Qa5 13.O-O Nh5 14.b4 Qd8 15.b5 
cxb5 16.Nxb5 a6 17.Nc3 Nxg3 18.hxg3 Nxc3 19.Qxc3 Bd6 20.a4 Qe7 21.Qb3 g5 
22.f4 Kg7 23.Kf2 Rb8 24.Rh1 Bxe5 25.dxe5 Rd8 26.Rad1 Rxd1 27.Qxd1 b5 28.
axb5 axb5 29.Bb3 g4 30.Qd6 Qxd6 31.exd6 Rb6 32.Rc1 Bd7 33.Rc7 Rxd6 34.Bxe6
Rxe6 35.Rxd7+ Kf6 36.Rxh7 Re4 37.Rh6+ Kg7 38.Rb6 Rb4 39.Ke2 Rb2+ 40.Kd3 
Rxg2 41.Rxb5 Kf6 42.Rb6+ Kf7 43.Rb5 Kf6 44.Rb6+ Kf7 45.Kd4 Rxg3 46.Ke5 
Rxe3+ 47.Kxf5 g3 48.Rb7+ Re7 49.Rb2 Re6 50.Rg2 Rg6 51.Ke4 Kf6 52.Kf3 Kf5 
53.Rxg3 Rxg3+ 54.Kxg3 Kf6 55.Kg4 Kg6 56.f5+ Kf6 57.Kf4 Kf7 58.Kg5 Kg7 59.
f6+ Kf7 60.Kf5 Kf8 61.Kg6 Kg8 62.f7+ Kf8 63.Kf6 1/2-1/2

[Event "6th American Continental (w)"]
[Site "Duran ECU"]
[Date "2011.06.14"]
[Round "4.8"]
[White "Pachon, Adriana"]
[Black "Castrillon Gomez, Melissa"]
[Result "1/2-1/2"]
[WhiteElo "1976"]
[BlackElo "2386"]
[EventDate "2011.06.12"]
[PlyCount "61"]

1.e4 c5 2.c3 Nf6 3.e5 Nd5 4.d4 cxd4 5.Nf3 e6 6.cxd4 d6 7.Bc4 Nb6 8.Bb3 
dxe5 9.dxe5 Qxd1+ 10.Bxd1 Bd7 11.O-O Bc6 12.Bd2 N8d7 13.Bc3 Nd5 14.Re1 Nc5
15.Be2 Nf4 16.Nbd2 Ncd3 17.Bxd3 Nxd3 18.Re3 Nf4 19.Ne4 Nd5 20.Rd3 Nxc3 21.
Nxc3 Bc5 22.Nd4 O-O-O 23.Rad1 a6 24.Nxc6 bxc6 25.Ne4 Be7 26.Nd6+ Bxd6 27.
Rxd6 Rxd6 28.Rxd6 Kc7 29.Kf1 Rb8 30.Rd2 Rb5 31.f4 1/2-1/2

[Event "6th American Continental (w)"]
[Site "Duran ECU"]
[Date "2011.06.14"]
[Round "4.9"]
[White "Ubaldo Suarez, Maria Gisela"]
[Black "Romero Echeverria, Abigail"]
[Result "0-1"]
[WhiteElo "2079"]
[BlackElo "2062"]
[EventDate "2011.06.12"]
[PlyCount "144"]

1.d4 Nf6 2.c4 g6 3.Nc3 d5 4.Nf3 Bg7 5.e3 O-O 6.cxd5 Nxd5 7.Bc4 Nxc3 8.bxc3
c5 9.O-O Nc6 10.Qe2 e5 11.d5 Na5 12.e4 a6 13.Bd3 b5 14.c4 Qc7 15.Bd2 b4 
16.Rfb1 Nb7 17.a3 bxa3 18.Rxa3 f5 19.Bc3 Nd6 20.Nxe5 fxe4 21.Bc2 Bf5 22.
Ba5 Qe7 23.Nc6 Qh4 24.g3 Qh3 25.Ne7+ Kh8 26.Nxf5 gxf5 27.Bc7 Rf6 28.Rab3 
Raf8 29.Bxd6 Rxd6 30.Qf1 Qg4 31.Rb6 Qg6 32.Rb8 Rf6 33.Qe1 h5 34.h4 Rf7 35.
R1b6 Rf6 36.R6b7 Rxb8 37.Rxb8+ Rf8 38.Qb1 Qd6 39.Rb6 Qe5 40.Re6 Qd4 41.Qb3
Kh7 42.Kg2 Rf6 43.Rxf6 Qxf6 44.Qe3 Qc3 45.Qxc3 Bxc3 46.f3 exf3+ 47.Kxf3 
Kg6 48.Kf4 Kf6 49.Bxf5 Be5+ 50.Ke4 Bxg3 51.Bh3 a5 52.Bd7 Bxh4 53.Be8 Kg5 
54.Kf3 Be1 55.d6 Bc3 56.Ke4 h4 57.Bc6 Kf6 58.Kf3 Ke6 59.d7 Bf6 60.Kf4 Bd8 
61.Bb5 Kf6 62.Bc6 Ke6 63.Bb5 h3 64.Kg3 Ke5 65.Kxh3 Kd4 66.Kg4 Kc3 67.Kf3 
Kb4 68.Ke3 a4 69.Kd3 Kb3 70.Bxa4+ Kxa4 71.Ke4 Kb4 72.Kd5 Bh4 0-1

[Event "6th American Continental (w)"]
[Site "Duran ECU"]
[Date "2011.06.14"]
[Round "4.10"]
[White "Matute Loja, Maria Belen"]
[Black "Heredia Serrano, Carla"]
[Result "0-1"]
[WhiteElo "1946"]
[BlackElo "2071"]
[EventDate "2011.06.12"]
[PlyCount "70"]

1.e4 e6 2.d4 d5 3.e5 c5 4.c3 Nc6 5.Nf3 Qb6 6.a3 c4 7.Be2 Na5 8.Nbd2 Bd7 9.
O-O Ne7 10.Rb1 Qc7 11.Re1 Nc8 12.Nf1 Nb6 13.Bf4 h6 14.h4 Be7 15.Qd2 O-O-O 
16.Bd1 Rdg8 17.b4 cxb3 18.Bxb3 Bc6 19.Ne3 g5 20.hxg5 hxg5 21.Bg3 Nac4 22.
Qa2 g4 23.Nd2 Nxe3 24.Rxe3 Bg5 25.Ree1 Bxd2 26.Qxd2 Rh5 27.Bd1 Nc4 28.Qf4 
Rgh8 29.f3 Rh1+ 30.Kf2 Rxe1 31.Kxe1 gxf3 32.Qxf3 Rh1+ 33.Ke2 Nxa3 34.Rb2 
Bb5+ 35.Kf2 Rf1+ 0-1

[Event "6th American Continental (w)"]
[Site "Duran ECU"]
[Date "2011.06.14"]
[Round "4.11"]
[White "Salazar Loor, Sara"]
[Black "Real Pereyra, Diana Carime"]
[Result "1/2-1/2"]
[WhiteElo "2002"]
[BlackElo "1976"]
[EventDate "2011.06.12"]
[PlyCount "53"]

1.e4 c5 2.Nf3 d6 3.d4 cxd4 4.Nxd4 Nf6 5.Nc3 Nc6 6.Be3 e5 7.Nb3 Be7 8.f3 
O-O 9.Qd2 a5 10.a3 Be6 11.Nd5 a4 12.Bb6 Qd7 13.Nc1 Bxd5 14.exd5 Nb8 15.Na2
Bd8 16.Bxd8 Qxd8 17.O-O-O Nbd7 18.g4 Qa5 19.Nb4 Rfc8 20.g5 Nh5 21.Bh3 Rc7 
22.Bg4 Nf4 23.Bxd7 Rxd7 24.h4 Nh5 25.Rh2 Rc7 26.Qd3 Rac8 27.c3 1/2-1/2

[Event "6th American Continental (w)"]
[Site "Duran ECU"]
[Date "2011.06.14"]
[Round "4.12"]
[White "Plazaola, Maria De los Angeles"]
[Black "Fandino Reyes, Roquelina"]
[Result "0-1"]
[WhiteElo "2181"]
[BlackElo "2147"]
[EventDate "2011.06.12"]
[PlyCount "50"]

1.e4 e5 2.Nf3 Nc6 3.d4 exd4 4.Nxd4 Nf6 5.Nxc6 bxc6 6.Nc3 Bb4 7.Bd3 d5 8.
exd5 cxd5 9.O-O O-O 10.Bg5 c6 11.Qf3 h6 12.Bh4 g5 13.Bg3 Bg4 14.Qe3 d4 15.
Qd2 dxc3 16.bxc3 Ba5 17.f3 Be6 18.h4 Nd5 19.Qe2 Bxc3 20.Rad1 Bd4+ 21.Kh1 
Nc3 22.Qe1 Qf6 23.Rd2 Rfe8 24.Bc7 Bd5 25.Qg3 Be3 0-1

[Event "6th American Continental (w)"]
[Site "Duran ECU"]
[Date "2011.06.14"]
[Round "4.13"]
[White "Cordero Loup, Ely Daniela"]
[Black "Rosales Murillo, Cristina"]
[Result "1-0"]
[WhiteElo "2058"]
[BlackElo "1638"]
[EventDate "2011.06.12"]
[PlyCount "97"]

1.d4 f5 2.Nf3 Nf6 3.c4 e6 4.Nc3 Bb4 5.a3 Bxc3+ 6.bxc3 d6 7.e3 O-O 8.Be2 
Nbd7 9.Qb3 Ne4 10.c5 Ndf6 11.cxd6 cxd6 12.O-O Qc7 13.Bb2 Bd7 14.c4 Rfe8 
15.h3 Rac8 16.Rfc1 Qa5 17.Rab1 a6 18.Ba1 b5 19.Qb2 bxc4 20.Bxc4 Rb8 21.Qa2
d5 22.Bd3 Bb5 23.Ne5 Bxd3 24.Nxd3 Rxb1 25.Rxb1 Nc3 26.Bxc3 Qxc3 27.Nc5 Ne4
28.Qb2 Qa5 29.Qb4 Qd8 30.Nxa6 Qh4 31.Rb2 f4 32.Nc5 fxe3 33.fxe3 Ra8 34.a4 
Qg3 35.Re2 Ng5 36.Kh1 Qh4 37.Qe1 Qh5 38.a5 Rf8 39.Rf2 Rb8 40.a6 Qg6 41.a7 
Ra8 42.Qa5 Ne4 43.Nxe4 Qxe4 44.Qa6 Qxe3 45.Re2 Qc1+ 46.Kh2 h6 47.Qxe6+ Kh7
48.Qf5+ Kg8 49.Qxd5+ 1-0

[Event "6th American Continental (w)"]
[Site "Duran ECU"]
[Date "2011.06.15"]
[Round "5.1"]
[White "Cori Tello, Deysi"]
[Black "Marrero Lopez, Yaniet"]
[Result "1/2-1/2"]
[WhiteElo "2386"]
[BlackElo "2328"]
[EventDate "2011.06.12"]
[PlyCount "146"]

1.d4 d5 2.c4 e6 3.Nf3 Nf6 4.g3 Bb4+ 5.Bd2 Be7 6.Bg2 O-O 7.O-O c6 8.Qc2 b6 
9.b3 Bb7 10.Nc3 Nbd7 11.Rfd1 Rc8 12.e4 dxe4 13.Nxe4 c5 14.Nxf6+ Bxf6 15.
Ng5 Bxg5 16.Bxb7 Rc7 17.dxc5 Bxd2 18.Rxd2 Qf6 19.Rad1 Nxc5 20.Bg2 e5 21.
Rd6 Qe7 22.Bh3 e4 23.R6d5 g6 24.Bf1 f5 25.b4 Nd7 26.Qc3 Nf6 27.Rd6 e3 28.
Qxe3 Ne4 29.R6d5 Qxb4 30.Qb3 Qc3 31.R5d3 Qxc4 32.Qxc4+ Rxc4 33.Rd7 Ra4 34.
Bb5 Rb4 35.Bc6 Rb2 36.Re1 a5 37.Bd5+ Kh8 38.Bxe4 fxe4 39.Rxe4 Rbxf2 40.
Ree7 Rf1+ 41.Kg2 R8f2+ 42.Kh3 h5 43.Rh7+ Kg8 44.Rdg7+ Kf8 45.Rb7 Kg8 46.
Rhg7+ Kf8 47.Rgc7 Rf7 48.Rxf7+ Rxf7 49.Rxb6 Kg7 50.Rb5 a4 51.Ra5 Rf2 52.
Rxa4 g5 53.Ra7+ Kf6 54.Ra6+ Kf5 55.g4+ hxg4+ 56.Kg3 Rf3+ 57.Kg2 Rc3 58.
Ra5+ Kg6 59.Ra6+ Kf5 60.Ra5+ Kg6 61.Kf2 Rc2+ 62.Kg3 Kh5 63.Ra3 Rc1 64.Rd3 
Rg1+ 65.Kf2 Ra1 66.Ra3 Rh1 67.Kg2 Rc1 68.Ra8 Rc2+ 69.Kg3 Rc3+ 70.Kf2 Rc2+ 
71.Kg3 Rc3+ 72.Kg2 Rc2+ 73.Kg3 Rc3+ 1/2-1/2

[Event "6th American Continental (w)"]
[Site "Duran ECU"]
[Date "2011.06.15"]
[Round "5.2"]
[White "Salazar Cardona, Aura Cristina"]
[Black "Linares Napoles, Oleiny"]
[Result "0-1"]
[WhiteElo "2194"]
[BlackElo "2319"]
[EventDate "2011.06.12"]
[PlyCount "104"]

1.e4 d6 2.d4 Nf6 3.Nc3 g6 4.Be3 c6 5.h3 Nbd7 6.Nf3 Qc7 7.a4 Bg7 8.Be2 O-O 
9.Nd2 b6 10.g4 e5 11.dxe5 Nxe5 12.f4 Ned7 13.O-O Re8 14.Bf2 h6 15.Bf3 Bb7 
16.Re1 Rad8 17.Bg2 a6 18.Qf3 b5 19.a5 c5 20.Qg3 Re7 21.Bf3 Rde8 22.Qg2 c4 
23.e5 Bxf3 24.Nxf3 dxe5 25.g5 exf4 26.Rxe7 Rxe7 27.gxf6 Nxf6 28.Bb6 Qb7 
29.Re1 b4 30.Ne2 Nd5 31.Bd4 Ne3 32.Bxe3 Rxe3 33.Nh4 Qa7 34.Kh1 Bxb2 35.Rd1
Bf6 36.Nxg6 fxg6 37.Nxf4 Bg5 38.Nxg6 Qf7 39.Nh4 Kh7 40.Rf1 Qd7 41.Nf5 Re5 
42.Qg4 Qd5+ 43.Kg1 Qe4 44.Qxe4 Rxe4 45.Rb1 b3 46.c3 Bd2 47.Nd6 Rf4 48.Rf1 
Rxf1+ 49.Kxf1 Bxc3 50.Nxc4 b2 51.Na3 Bxa5 52.Nb1 Bb4 0-1